000 01208nam a2200349 i 4500
001 000008227
003 DO-SdBNP
005 20251029104202.0
007 ta
008 090915s1986 dr r 000 0 spa d
040 _aDO-SdBNP
_bspa
_cBNPHU
_erda
041 _aspa
082 4 _a658.4
_bA485a 1986
_222
100 1 _aAmaro Guzmán, Raymundo,
_eautor
_4aut.
_9656
245 1 0 _aAdministración de empresas /
_cRaymundo Amaro Guzmán.
250 _aSegunda edición
264 4 _aSanto Domingo, República Dominicana :
_bEditorial Tiempo, S.A.,
_c©1986.
300 _a498 páginas ;
_c21 cm.
336 _atexto
_btxt
_2rdacontent
337 _asin mediación
_bn
_2rdamedia
338 _avolumen
_bn
_2rdacarrier
490 0 _aColección Administración de Empresas ;
_v1
500 _aIncluye referencias bibliográficas y notas al pie de páginas.
504 _aBibliografia : páginas 469-473.
590 _aInventariado, 2018/ YL
650 4 _aAdministración industrial
_95872
650 4 _aPlanificación empresarial
_91780
650 4 _aPlanificación estratégica
_92433
650 4 _aCrecimiento empresarial
_920170
910 _aValidado. Control de calidad. EMS
942 _2ddc
_cLBS1
999 _c7998
_d7998